00653nam a2200181Ia 4500008004100000020001800041041000800059082001800067100001500085245001800100260002000118300000800138365001600146700005700162906005100219999001900270952018200289230718s9999 xx 000 0 und d a9789350040492 aeng a005.13'3bARO aArolkar H. aSimplifying C c2010bDreamtech a345 cRs.b249.00 aArolkar H., Jain S. & Kogent Learning Solutions Inc. dO:0178216-Jun-2011B:813430-May-2011cITb124.5 c327906d327906 00104070aCCEPbCCEPd2011-06-16eTechnical Book ServicesfITg186.75i8134l3o005.13'3pCCEP-BK-39113r2023-11-22 00:00:00s2023-11-21t124.5v249.00w2011-05-30yBKz039113